| 000 | 00429nam a22001577a 4500 | ||
|---|---|---|---|
| 005 | 20241115102403.0 | ||
| 008 | 241115b |||||||| |||| 00| 0 eng d | ||
| 020 | _a0130145661 | ||
| 050 |
_aT 58. 6 GUP _bxxviii,428p |
||
| 100 | _aGupta, Uma | ||
| 245 |
_aimformation systems: _bsuccess in the 21st century |
||
| 260 |
_aupper saddle river _bprentice Hall |
||
| 300 | _axxviii | ||
| 500 | _aindex, pic,illus | ||
| 942 |
_2lcc _cBK _n0 |
||
| 999 |
_c1229 _d1229 |
||